Overenie vzťahu medzi finančnými výsledkami a kvalitou spracovania podnikateľského zámeru diplomová práca

Gespeichert in:
Bibliographische Detailangaben
1. Verfasser: Hasprová, Mária, 1970-
Körperschaft: Fakulta podnikového manažmentu EU. Katedra informačného manažmentu
Weitere Verfasser: Hanák, Róbert, 1979-
Format: Buch
Sprache:Slowakisch
Veröffentlicht: Bratislava 2021
Tags: Tag hinzufügen
Keine Tags, Fügen Sie das erste Tag hinzu!

MARC

LEADER 00000nbm a2200000 4500
001 0275821
005 20240627111744.2
041 0 |a slo 
044 |a SK 
245 1 0 |a Overenie vzťahu medzi finančnými výsledkami a kvalitou spracovania podnikateľského zámeru  |b diplomová práca  |c Mária Hasprová ; školiteľ: Róbert Hanák 
264 1 |a Bratislava  |c 2021 
300 |a 96 s. 
100 1 |a Hasprová, Mária, 1970- 
700 1 |a Hanák, Róbert, 1979- 
710 2 |a Fakulta podnikového manažmentu EU. Katedra informačného manažmentu